Prime Central London residential spotlight (Record no. 112855)
[ view plain ]
| 000 -LEADER | |
|---|---|
| fixed length control field | 01240cad a22002055a 4500 |
| 001 - CONTROL NUMBER | |
| control field | L154130 |
| 008 - FIXED-LENGTH DATA ELEMENTS--GENERAL INFORMATION | |
| fixed length control field | 111018s2011 xxk f 000 0 eng d |
| 035 ## - SYSTEM CONTROL NUMBER | |
| System control number | (Sirsi) u154130 |
| 041 0# - LANGUAGE CODE | |
| Language code of text/sound track or separate title | eng |
| 110 2# - MAIN ENTRY--CORPORATE NAME | |
| Corporate name or jurisdiction name as entry element | Savills |
| 9 (RLIN) | 2020 |
| 245 00 - TITLE STATEMENT | |
| Title | Prime Central London residential spotlight |
| Remainder of title | six years of volatility 2005 to 2011 |
| Medium | [electronic resource] |
| 260 ## - PUBLICATION, DISTRIBUTION, ETC. | |
| Place of publication, distribution, etc. | London |
| Name of publisher, distributor, etc. | Savills |
| Date of publication, distribution, etc. | 2011 |
| 490 #0 - SERIES STATEMENT | |
| Series statement | Savills Prime Central London Residential Spotlight |
| Volume/sequential designation | Autumn 2011 |
| 520 ## - SUMMARY, ETC. | |
| Summary, etc. | Savills Prime Central London (PCL) which started in late 1970s centred around Knightsbridge has expanded its geographical coverage to include South Kensington, Chelsea, Belgravia and Mayfair, Notting Hill and Marylebone. Reviews PCL's volatile performance from 2005 to 2011 from Pre-Boom, Boom, The Crunch, Rapid Rebound and Renewed Volatility illustrated by a timeline. Ranks performance by location. PCL market outlook. |
| 590 ## - LOCAL NOTE (RLIN) | |
| Local note | KA NTK |
| 651 #4 - SUBJECT ADDED ENTRY--GEOGRAPHIC NAME | |
| Geographic name | London |
| 690 ## - LOCAL SUBJECT ADDED ENTRY--TOPICAL TERM (OCLC, RLIN) | |
| Topical term or geographic name as entry element | PROPERTY-RESIDENTIAL PROPERTY |
| 856 40 - ELECTRONIC LOCATION AND ACCESS | |
| Uniform Resource Identifier | <a href="https://www.savills.co.uk/promotions/research.aspx?document=http://pdf.euro.savills.co.uk/spotlight-on/spotlight-on-prime-central-london-residential-oct-2011.pdf?response=no">https://www.savills.co.uk/promotions/research.aspx?document=http://pdf.euro.savills.co.uk/spotlight-on/spotlight-on-prime-central-london-residential-oct-2011.pdf?response=no</a> |
| Public note | View the item free of charge at www.savills.co.uk |
| 942 ## - ADDED ENTRY ELEMENTS (KOHA) | |
| Suppress in OPAC | 0 |
| Withdrawn status | Lost status | Source of classification or shelving scheme | Damaged status | Not for loan | Home library | Current library | Shelving location | Date acquired | Total Checkouts | Full call number | Barcode | Date last seen | Copy number | Price effective from | Koha item type |
|---|---|---|---|---|---|---|---|---|---|---|---|---|---|---|---|
| Dewey Decimal Classification | Virtual | Virtual | Online | 18/10/2011 | ONLINE PUBLICATION | 154130-2001 | 06/08/2019 | 1 | 06/08/2019 | Book |